000 00943nam a2200241Ia 4500
003 GCL
008 140319s9999 xx 000 0 ara d
020 _a2008069957
040 _aGCL /
_cGCL
082 0 4 _a709
_bم ا
100 1 _aمحمد حسين جودى
245 1 0 _aابتكارات العرب فى الفنون واثرها فى الفن الاوروبى فى القرون الوسطى /
_cمحمد حسين جودى
250 _aالاولى
260 _aالاردن :
_bدار المسيرة للنشر والتوزيع والطباعة ،
_c2007
300 _a96 ص ؛
_c24 سم
650 0 4 _aالخط العربى
650 0 4 _aالمسكوكات
650 0 4 _aالفن الاسلامى
650 0 4 _aالكتب - زخرفة
650 0 4 _aالفن الاسلامى - تاريخ - العصور الوسطى
650 0 4 _aالفن الاسلامى - تاريخ ونقد - العصور الوسطى
942 _2ddc
_cBK
999 _c9956
_d9956